000 00509nam a22002057a 4500
003 OSt
005 20210414101304.0
008 210311s1991 ||||| |||| 00| 0 eng d
020 _a0553292153
040 _aeng
_beng
_cDLC
080 _a33
_bT-67
100 _91373
_aToffler, Alvin
245 _aPowershift
_c/ by: Bantam Books
260 _aNew York
_bBantam Books
_c1991
300 _a611 p.
365 _b6.99 usd
650 0 _9446
_aEconomics
653 _aეკონომიკა
942 _2udc
_cBK
999 _c2140
_d2140